000 00348 a2200145 4500
001 151296
040 _cEscola São Tomás de Aquino
100 _aCARRASCO, Walcyr
240 1 0 _aO menino que trocou a sombra
_lpor
245 1 0 _aO menino que trocou a sombra
362 0 _a1999
440 1 _aÁtica
697 _a*LITERATURA INFANTO
942 _cBK
999 _c151296
_d151296